<?xml version="1.0" encoding="UTF-8"?>
<collection xmlns="http://www.loc.gov/MARC21/slim">
 <record>
  <leader>00416pamaa2200157   4500</leader>
  <controlfield tag="001">0000016557</controlfield>
  <controlfield tag="005">20090821090000.0</controlfield>
  <datafield tag="020" ind1="0" ind2="0">
   <subfield code="a">0256088098 </subfield>
  </datafield>
  <datafield tag="082" ind1=" " ind2=" ">
   <subfield code="a">658 STE 1992</subfield>
  </datafield>
  <datafield tag="090" ind1="0" ind2="0">
   <subfield code="a">HF5415.15 </subfield>
   <subfield code="b">STE 1992</subfield>
  </datafield>
  <datafield tag="100" ind1="1" ind2="0">
   <subfield code="a">Stevenson </subfield>
  </datafield>
  <datafield tag="245" ind1="1" ind2="0">
   <subfield code="a">Introduction to management science  </subfield>
   <subfield code="c">William J. Stevenson.</subfield>
  </datafield>
  <datafield tag="250" ind1="0" ind2="0">
   <subfield code="a">2nd ed.</subfield>
  </datafield>
  <datafield tag="260" ind1="0" ind2="0">
   <subfield code="a">Illinois: </subfield>
   <subfield code="b">Irwin, </subfield>
   <subfield code="c">1992.</subfield>
  </datafield>
  <datafield tag="300" ind1=" " ind2=" ">
   <subfield code="a">xviii, 909p.: </subfield>
   <subfield code="b">24cm.</subfield>
  </datafield>
  <datafield tag="650" ind1="0" ind2="0">
   <subfield code="a">Management science </subfield>
  </datafield>
 </record>
</collection>
